000 00651nam a2200181 4500
001 122359
003 ES-MaACL
005 20231229062546.0
007 t|
008 070214s1962 sp r ||||1| spa d
100 1 _aPovedano, Enrique.
_993489
245 1 3 _aLa carreta de `Juana Rana`
_b: andanzas e infortunios de un comediante : novela anecdótica /
_cEnrique Povedano ; prólogo de Federico Carlos Sainz de Robles.
260 _aMadrid :
_b[s.n.],
_c1962 (
_fGráf. Casaló)
300 _a194 p. ;
_c20 cm.
700 1 _aSainz de Robles, Federico Carlos,
_d1898-1982
_9101593
852 _aES-MaACL
_jC-22405
_bR.50752
999 _c122359
_d122359